000 00439nam a2200181Ia 4500
001 16715
005 20260306170331.0
008 260306t2007||||xx |||||||||||||| ||und||
041 _aESP
082 _a349.7
_bF43
100 _aFerrer Ortiz, Javier
_eAUT
245 0 _aDerecho eclesiástico del estado español
260 _c2007
300 _a325 páginas :
_c24 cm.
650 _aGEN
654 _aCDE
942 _cLIB
_dJUS
_fJUS
_2ddc
_n
999 _c16715
_d16715